000
00206 a2200097 4500
001
46436
100
_a
Yousaf, Ja
245
_a
Gareezan
260
_a
Sargodha
_b
Maktab Urdu Zuban
_c
090
_c
29536
_d
29536
942
_a
NUST-CAE
_c
M
_c
21709
999
_c
281509
_d
281509